| 000 | 00559nam a2200241Ia 4500 | ||
|---|---|---|---|
| 003 | OSt | ||
| 005 | 20230421101257.0 | ||
| 008 | 210423s2009 xx 000 0 und d | ||
| 020 | _a9780415772105 | ||
| 040 | _cAL | ||
| 041 | _aeng | ||
| 082 |
_a332.1 _223 _b HANJ |
||
| 100 |
_aHANDA (Jagdish) _991352 |
||
| 245 | _aMonetary economics | ||
| 250 | _a2 | ||
| 260 |
_aLondon _bRoutledge _c2009 |
||
| 300 | _bPB | ||
| 365 |
_b4337 _cINR |
||
| 650 |
_aBanking _991353 |
||
| 650 |
_aEconomics _991354 |
||
| 906 | _aeconomics ; Monetary | ||
| 942 |
_2ddc _cBK |
||
| 999 |
_c160834 _d160834 |
||